All major highways that pass through Wyoming - Statistics

General Stats
  • This quiz has been taken 7 times
  • The average score is 3 of 20
Answer Stats
Major Highway % Correct
I80
100%
I25
80%
I90
60%
I180
20%
U.S. 20
20%
U.S. 212
20%
U.S. 26
20%
U.S. 30
20%
Alternate U.S. 14
0%
U.S. 14
0%
U.S. 16
0%
U.S. 18
0%
U.S. 287
0%
U.S. 310
0%
U.S. 85
0%
U.S. 89
0%
WYO 114
0%
WYO 220
0%
WYO 789
0%
WYO 89
0%
No matching quizzes found
Score Distribution
Percent of People with Each Score
Percentile by Number Answered
Your Score History
You have not taken this quiz